000
00187nam a22000977a 4500
003
SGT
245
_a
JOURNAL OF CLINICAL MICROBIOLOGY
260
_c
2014
300
_a
1312
942
_2
ddc
_c
BV
999
_c
20779
_d
20779